00613nam a2200181 i 450000100060000000300090000600500170001500700030003200800410003508000250007610000350010124500530013626000480018930000220023785200330025999900170029295201220030967374ES-MaACL20230906170044.0t|040520s2000 bo ||||1| spa d a821.134.2(84)-32"19"1 aParada de Brown, Lydia.98890710aVivencias por María / cLydia Parada de Brown. aTrinidad, Beni : bTiempo del Beni, c2000. a102 p. ; c21 cm. aES-MaACLjL-27571 bR.133085 c67374d67374 00104070aATENEOMbATENEOMcDEPO2d2008-01-17eSCl0oL-27571p1070552r2023-02-23 00:00:00w2023-02-23yMONOGRAFIA